[Event "Capablanca Memorial op 53rd"]
[Site "Havana"]
[Date "2018.05.17"]
[Round "8"]
[White "Hernandez Sotelo, Jose I"]
[Black "Cori Quispe, Kevin Joel"]
[Result "0-1"]
[WhiteElo "2182"]
[BlackElo "2465"]
[PlyCount "92"]
[EventDate "2018.05.09"]
[EventType "swiss"]
[EventRounds "10"]
[EventCountry "CUB"]
[SourceTitle "EXT 2021"]
[Source "ChessBase"]
[SourceDate "2020.10.23"]
[SourceVersion "1"]
[SourceVersionDate "2020.10.23"]
[SourceQuality "1"]

1. e4 c5 2. Nf3 e6 3. d4 cxd4 4. Nxd4 Nc6 5. Nc3 Qc7 6. Be3 a6 7. Qd2 Nf6 8. f4 d6 9. Be2 Be7 10. 0-0-0 h5 11. h3 h4 12. Kb1 Bd7 13. Bf2 Nxd4 14. Bxd4 Bc6 15. Bf3 b5 16. Bxf6 gxf6 17. Ne2 Rb8 18. Nd4 Bd7 19. Qe2 Qc4 20. Rd3 a5 21. Rc1 a4 22. Rd2 Qxe2 23. Rxe2 Rc8 24. Rd1 Bf8 25. Ree1 Bh6 26. f5 Bf4 27. Bg4 Ke7 28. Rf1 Bg3 29. a3 Rc5 30. c3 Re5 31. fxe6 fxe6 32. Bf3 Rg5 33. Bg4 Rhg8 34. Rd2 Rxg4 35. hxg4 Rxg4 36. Re2 Be8 37. Ka1 Bg6 38. Nxb5 Bxe4 39. Rd1 f5 40. Rd4 Be5 41. Rdxe4 Rxe4 42. Rc2 Bg3 43. Ka2 f4 44. b3 axb3+ 45. Kxb3 Re1 46. a4 f3 0-1

[Event "Capablanca Memorial op 53rd"]
[Site "Havana"]
[Date "2018.05.16"]
[Round "7"]
[White "Diaz Perez, Michel Alejandro"]
[Black "Hernandez Sotelo, Jose I"]
[Result "1/2-1/2"]
[WhiteElo "2447"]
[BlackElo "2182"]
[PlyCount "92"]
[EventDate "2018.05.09"]
[EventType "swiss"]
[EventRounds "10"]
[EventCountry "CUB"]
[SourceTitle "EXT 2021"]
[Source "ChessBase"]
[SourceDate "2020.10.23"]
[SourceVersion "1"]
[SourceVersionDate "2020.10.23"]
[SourceQuality "1"]

1. e4 c5 2. Nf3 e6 3. d4 cxd4 4. Nxd4 a6 5. Bd3 Bc5 6. Nb3 Be7 7. 0-0 d6 8. c4 Nf6 9. Nc3 Nc6 10. Qe2 b6 11. f4 Bb7 12. Bd2 0-0 13. Rae1 Re8 14. Bb1 Nd7 15. Rd1 Qc7 16. Be3 Rac8 17. e5 Nf8 18. exd6 Bxd6 19. Na4 e5 20. Bxb6 Qb8 21. Qd3 Re6 22. c5 Be7 23. f5 Rh6 24. Nc3 Nd4 25. Ne4 Bxe4 26. Qxe4 Nxb3 27. axb3 Bxc5+ 28. Bxc5 Rxc5 29. Rd3 Rb5 30. Rfd1 Rb4 31. Qe1 e4 32. Rg3 Rxb3 33. Bxe4 Rxg3 34. Qxg3 Qxb2 35. h3 a5 36. Kh2 Qb4 37. Qe5 Rb6 38. Rd8 h6 39. Qc7 Rf6 40. Qc8 a4 41. Bd5 h5 42. Bc4 h4 43. Ba2 g6 44. fxg6 Qf4+ 45. Kh1 Qf1+ 46. Kh2 Qf4+ 1/2-1/2

[Event "Maria Teresa Mora Memorial Premier"]
[Site "Havana"]
[Date "2018.??.??"]
[Round "8"]
[White "Hernandez Sotelo, Jose I"]
[Black "Rodriguez Gutierrez, Brayans"]
[Result "1/2-1/2"]
[WhiteElo "2163"]
[BlackElo "2136"]
[PlyCount "47"]
[EventDate "2018.03.08"]
[EventType "tourn"]
[EventRounds "9"]
[EventCountry "CUB"]
[SourceTitle "EXT 2021"]
[Source "ChessBase"]
[SourceDate "2020.10.23"]
[SourceVersion "1"]
[SourceVersionDate "2020.10.23"]
[SourceQuality "1"]

1. e4 e6 2. f4 d5 3. e5 c5 4. Nf3 Nc6 5. c3 Nge7 6. Na3 a6 7. Nc2 g6 8. d4 cxd4 9. Ncxd4 Bg7 10. Bd3 Bd7 11. Qe2 Nxd4 12. cxd4 Nc6 13. 0-0 Nb4 14. Rd1 Nxd3 15. Qxd3 Qb6 16. b3 0-0 17. Ba3 Rfc8 18. Qd2 a5 19. Rdc1 a4 20. Qb4 Qxb4 21. Bxb4 axb3 22. axb3 Rxc1+ 23. Rxc1 Bc6 24. Rc2 1/2-1/2

[Event "Capablanca Memorial op-B 45th"]
[Site "Havana"]
[Date "2011.05.12"]
[Round "2"]
[White "Garcia Matos, Richard Alejandro"]
[Black "Hernandez Sotelo, Jose I"]
[Result "1/2-1/2"]
[WhiteElo "2196"]
[BlackElo "2140"]
[PlyCount "80"]
[EventDate "2011.05.11"]
[EventType "swiss"]
[EventRounds "7"]
[EventCountry "CUB"]
[SourceTitle "CBM 142 Extra"]
[Source "ChessBase"]
[SourceDate "2011.06.27"]
[SourceVersion "1"]
[SourceVersionDate "2011.06.27"]
[SourceQuality "1"]

1. Nf3 c5 2. c4 Nc6 3. d4 cxd4 4. Nxd4 Nf6 5. Nc3 e6 6. a3 a6 7. e4 Qc7 8. Be3 b6 9. b4 Bb7 10. Rc1 Ne5 11. f3 d6 12. Be2 Be7 13. 0-0 0-0 14. Na4 Rab8 15. Qd2 Rfe8 16. Rfd1 Ba8 17. Kh1 Qb7 18. Nxb6 Qxb6 19. Nf5 exf5 20. Bxb6 Rxb6 21. exf5 Ned7 22. a4 Rbb8 23. Bf1 Bf8 24. Re1 Red8 25. Rb1 h6 26. a5 Bb7 27. Qd4 Ra8 28. h3 Rdc8 29. Kh2 Rc7 30. f4 d5 31. c5 Ne4 32. Bd3 Ndf6 33. g4 Bc6 34. Rb2 Be7 35. Rg2 Nh7 36. Rxe4 dxe4 37. Bxe4 Bxe4 38. Qxe4 Rd8 39. Qc4 Rc6 40. Qe4 Rc7 1/2-1/2

[Event "Rodriguez Gonzalez Memorial"]
[Site "Havana"]
[Date "2010.06.24"]
[Round "1"]
[White "Hernandez Sotelo, Jose I"]
[Black "Figueredo Losada, Leonel"]
[Result "0-1"]
[WhiteElo "2141"]
[BlackElo "2338"]
[PlyCount "96"]
[EventDate "2010.06.24"]
[EventType "tourn"]
[EventRounds "10"]
[EventCountry "CUB"]
[SourceTitle "EXT 2011"]
[Source "ChessBase"]
[SourceDate "2010.11.26"]
[SourceVersion "1"]
[SourceVersionDate "2010.11.26"]
[SourceQuality "1"]

1. e4 c5 2. Nf3 e6 3. d4 cxd4 4. Nxd4 a6 5. c4 Nf6 6. Nc3 Qc7 7. a3 d6 8. Be3 b6 9. f3 Be7 10. Be2 0-0 11. 0-0 Bb7 12. Qd2 Nbd7 13. Rfc1 Rac8 14. a4 Qb8 15. a5 bxa5 16. Rxa5 Bd8 17. Raa1 Bc7 18. g3 h5 19. b4 Rcd8 20. Qe1 h4 21. Bf2 hxg3 22. hxg3 Rfe8 23. Na4 Nh5 24. f4 Nhf6 25. Bf3 e5 26. fxe5 Nxe5 27. Bg2 Nd3 28. Qe2 Nxc1 29. Rxc1 Nxe4 30. Bxe4 Bxe4 31. Nc3 Bg6 32. Qb2 Qb7 33. Nd5 Be4 34. Rc3 Bb8 35. Nf4 Ba7 36. Rb3 Qd7 37. Nf3 Qg4 38. Nh2 Qd1+ 39. Nf1 Bxf2+ 40. Kxf2 Ba8 41. Qc3 Re1 42. Qxe1 Qxb3 43. Qe7 Rc8 44. Qxd6 Qxc4 45. Nd2 Qc1 46. Qd4 Re8 47. Nf1 Qc6 48. Nd2 g5 0-1

[Event "Havana Province-ch sf Fase 1"]
[Site "Havana"]
[Date "2010.05.16"]
[Round "8"]
[White "Alvarez Fernandez, Carlos Rene"]
[Black "Hernandez Sotelo, Jose I"]
[Result "1-0"]
[WhiteElo "2115"]
[BlackElo "2140"]
[PlyCount "37"]
[EventDate "2010.05.05"]
[EventType "swiss"]
[EventRounds "9"]
[EventCountry "CUB"]
[EventCategory "1"]
[SourceTitle "EXT 2019"]
[Source "ChessBase"]
[SourceDate "2018.10.10"]
[SourceVersion "1"]
[SourceVersionDate "2018.10.10"]
[SourceQuality "1"]

1. d4 Nf6 2. c4 g6 3. Nc3 Bg7 4. e4 d6 5. f3 0-0 6. Be3 e5 7. Nge2 Nbd7 8. Qd2 c6 9. d5 cxd5 10. cxd5 a6 11. g4 b5 12. Ng3 Nb6 13. h4 Nfd7 14. h5 b4 15. Nd1 Rb8 16. Qh2 f6 17. hxg6 hxg6 18. Qh7+ Kf7 19. Rh6 1-0

[Event "Havana Province-ch sf Fase 1"]
[Site "Havana"]
[Date "2010.05.14"]
[Round "6"]
[White "Girones Barrios, Yans Richard"]
[Black "Hernandez Sotelo, Jose I"]
[Result "1/2-1/2"]
[WhiteElo "2184"]
[BlackElo "2140"]
[PlyCount "63"]
[EventDate "2010.05.05"]
[EventType "swiss"]
[EventRounds "9"]
[EventCountry "CUB"]
[EventCategory "1"]
[SourceTitle "EXT 2019"]
[Source "ChessBase"]
[SourceDate "2018.10.10"]
[SourceVersion "1"]
[SourceVersionDate "2018.10.10"]
[SourceQuality "1"]

1. d4 Nf6 2. c4 g6 3. Nc3 Bg7 4. e4 d6 5. f4 0-0 6. Nf3 c5 7. d5 e6 8. Be2 exd5 9. cxd5 Re8 10. e5 Ng4 11. h3 Nh6 12. Ne4 dxe5 13. fxe5 Nd7 14. Nd6 Rf8 15. Nxc8 Rxc8 16. 0-0 Nf5 17. Bf4 Qb6 18. e6 c4+ 19. Kh2 fxe6 20. dxe6 Nf6 21. Qa4 Ne3 22. Bxe3 Qxe3 23. e7 Rf7 24. Rae1 Qxe7 25. Bxc4 Qc7+ 26. Ne5 Ng4+ 27. hxg4 Bxe5+ 28. Rxe5 Qxe5+ 29. Kh1 Rcc7 30. Qb3 Qe8 31. Bxf7+ Rxf7 32. g5 1/2-1/2

[Event "Havana Province-ch sf Fase 1"]
[Site "Havana"]
[Date "2010.05.12"]
[Round "5"]
[White "Hernandez Sotelo, Jose I"]
[Black "Ragolta Franco, Eduardo"]
[Result "0-1"]
[WhiteElo "2140"]
[BlackElo "2189"]
[PlyCount "96"]
[EventDate "2010.05.05"]
[EventType "swiss"]
[EventRounds "9"]
[EventCountry "CUB"]
[EventCategory "1"]
[SourceTitle "EXT 2019"]
[Source "ChessBase"]
[SourceDate "2018.10.10"]
[SourceVersion "1"]
[SourceVersionDate "2018.10.10"]
[SourceQuality "1"]

1. e4 e6 2. d4 d5 3. Nc3 Bb4 4. e5 c5 5. Qg4 g6 6. a3 Bxc3+ 7. bxc3 Qa5 8. Bd2 Qa4 9. c4 dxc4 10. d5 Qxc2 11. Bxc4 Ne7 12. dxe6 Bxe6 13. Bxe6 fxe6 14. Rc1 Qf5 15. Qxf5 Nxf5 16. Rxc5 Na6 17. Rc4 Kd7 18. g4 Ne7 19. Ne2 Nd5 20. Nc3 Nxc3 21. Rxc3 Nc7 22. Bh6 Nd5 23. Rf3 Rhe8 24. Kd2 Rac8 25. Rb1 b6 26. Rc1 Rxc1 27. Kxc1 Rc8+ 28. Kd2 Kc6 29. Rb3 Rd8 30. Kc2 a5 31. Rf3 Rd7 32. Bf8 b5 33. h4 b4 34. axb4 axb4 35. Kb3 Kb5 36. Bd6 Ra7 37. Rf8 Ra3+ 38. Kb2 Rh3 39. h5 gxh5 40. g5 Kc4 41. Rc8+ Kd4 42. Re8 Rf3 43. Rxe6 Kc4 44. Rh6 Rxf2+ 45. Kc1 b3 46. Ba3 Nc3 47. Rc6+ Kd3 48. Rd6+ Ke4 0-1